[Event "Bucaramanga op"]
[Site "Bucaramanga"]
[Date "2023.09.07"]
[Round "3"]
[White "Quintero, Raul"]
[Black "Martinez Roa, Alejandro"]
[Result "1-0"]
[WhiteElo "1775"]
[BlackElo "1153"]
[PlyCount "55"]
[EventDate "2023.09.06"]
[EventType "swiss"]
[EventRounds "9"]
[EventCountry "COL"]
[SourceTitle "EXT 2024"]
[Source "ChessBase"]
[SourceDate "2023.10.10"]
[SourceVersion "1"]
[SourceVersionDate "2023.10.10"]
[SourceQuality "1"]

1. Nf3 Nf6 2. d4 g6 3. g3 Bg7 4. Bg2 0-0 5. 0-0 d5 6. Bf4 e6 7. c3 Nbd7 8. Nbd2 Nh5 9. Qc2 Nxf4 10. gxf4 f5 11. e3 Nf6 12. Ne5 Bd7 13. Kh1 Be8 14. a4 Nh5 15. Ndf3 h6 16. c4 c6 17. b3 g5 18. cxd5 cxd5 19. Rac1 gxf4 20. Qc7 Bxe5 21. Nxe5 Qg5 22. Bf3 Kh8 23. Rg1 Qf6 24. Qxb7 fxe3 25. Rc7 Bf7 26. Nxf7+ Kh7 27. Ne5+ Rf7 28. Rxf7+ 1-0

[Event "Medellin Flores op 30th"]
[Site "Medellin"]
[Date "2023.08.05"]
[Round "5"]
[White "Labrador Avendano, Angie Jhoana"]
[Black "Martinez Roa, Alejandro"]
[Result "1-0"]
[WhiteElo "1616"]
[BlackElo "1573"]
[PlyCount "45"]
[EventDate "2023.08.03"]
[EventType "swiss"]
[EventRounds "9"]
[EventCountry "COL"]
[SourceTitle "EXT 2024"]
[Source "ChessBase"]
[SourceDate "2023.10.10"]
[SourceVersion "1"]
[SourceVersionDate "2023.10.10"]
[SourceQuality "1"]

1. d4 d5 2. Bf4 h6 3. h4 e6 4. Nf3 Bd6 5. Qd2 Nf6 6. Nc3 Nbd7 7. Bxd6 cxd6 8. Nb5 Nb6 9. Qf4 Ne4 10. Nd2 a6 11. Nxe4 dxe4 12. Nxd6+ Kd7 13. Nxf7 Nd5 14. Qd6+ Ke8 15. Qxd8+ Kxf7 16. Qxh8 b5 17. Qd8 Rb8 18. g4 Nb6 19. g5 h5 20. g6+ Kxg6 21. Qe8+ Kf6 22. Qf8+ Kg6 23. Rg1+ 1-0

[Event "Medellin Flores op 30th"]
[Site "Medellin"]
[Date "2023.08.04"]
[Round "2"]
[White "Martinez Roa, Alejandro"]
[Black "Aristizabal Soto, Diego Fernando"]
[Result "0-1"]
[WhiteElo "1573"]
[BlackElo "1475"]
[PlyCount "66"]
[EventDate "2023.08.03"]
[EventType "swiss"]
[EventRounds "9"]
[EventCountry "COL"]
[SourceTitle "EXT 2024"]
[Source "ChessBase"]
[SourceDate "2023.10.10"]
[SourceVersion "1"]
[SourceVersionDate "2023.10.10"]
[SourceQuality "1"]

1. e4 e5 2. c4 Nf6 3. Nc3 Nc6 4. g3 Bc5 5. h3 d6 6. Bg2 Be6 7. d3 a6 8. Nge2 Qd7 9. Be3 Nd4 10. Qd2 h6 11. f4 Qe7 12. 0-0 Nxe2+ 13. Qxe2 Bxe3+ 14. Qxe3 0-0 15. f5 Bd7 16. Nd5 Nxd5 17. cxd5 f6 18. Rac1 c5 19. dxc6 Bxc6 20. Kh2 Rfd8 21. d4 d5 22. dxe5 Qxe5 23. Rf4 dxe4 24. Qc3 Qxc3 25. Rxc3 Rd2 26. Rb3 e3 27. Rxe3 Rxg2+ 28. Kh1 Rxg3+ 29. Ree4 Re3 30. Kg1 Rxe4 31. Rf1 Rae8 32. Kf2 Re2+ 33. Kg3 Rg2+ 0-1

[Event "Medellin Flores op 30th"]
[Site "Medellin"]
[Date "2023.08.03"]
[Round "1"]
[White "Velez Manco, Carlos Gustavo"]
[Black "Martinez Roa, Alejandro"]
[Result "1-0"]
[WhiteElo "1692"]
[BlackElo "1573"]
[PlyCount "79"]
[EventDate "2023.08.03"]
[EventType "swiss"]
[EventRounds "9"]
[EventCountry "COL"]
[SourceTitle "EXT 2024"]
[Source "ChessBase"]
[SourceDate "2023.10.10"]
[SourceVersion "1"]
[SourceVersionDate "2023.10.10"]
[SourceQuality "1"]

1. Nf3 Nf6 2. b3 Nc6 3. e3 e5 4. d3 Bc5 5. Bb2 d6 6. Be2 Bg4 7. Nbd2 Qd7 8. 0-0 0-0-0 9. a3 a6 10. b4 Ba7 11. c4 Ne7 12. Qb3 Ng6 13. a4 h5 14. a5 Qe6 15. b5 Nd7 16. bxa6 Nc5 17. axb7+ Nxb7 18. Bc3 Nc5 19. Qb5 Qd7 20. Qb2 f5 21. Rfb1 Qc6 22. d4 exd4 23. Nxd4 Qa8 24. f3 Nh4 25. Qb5 Rde8 26. Nf1 Ne4 27. Be1 g5 28. Qc6 Qxc6 29. Nxc6 Bxe3+ 30. Nxe3 Nc3 31. Bxc3 Rxe3 32. Bxh8 Rxe2 33. fxg4 Rxg2+ 34. Kf1 Rxg4 35. a6 Rxc4 36. a7 Rxc6 37. a8Q+ Kd7 38. Re1 d5 39. Qe8+ Kd6 40. Qe7# 1-0

[Event "COL-ch Visually impaired"]
[Site "Cartagena"]
[Date "2019.12.05"]
[Round "5.15"]
[White "Martinez Roa, Alejandro"]
[Black "Castillo Castellanos, David"]
[Result "0-1"]
[WhiteElo "1560"]
[BlackElo "1403"]
[PlyCount "133"]
[EventDate "2019.12.03"]
[EventType "swiss"]
[EventRounds "6"]
[EventCountry "COL"]
[SourceTitle "EXT 2024"]
[Source "ChessBase"]
[SourceDate "2023.10.10"]
[SourceVersion "1"]
[SourceVersionDate "2023.10.10"]
[SourceQuality "1"]

1. c4 Nf6 2. Nc3 e5 3. e4 Be7 4. d3 d6 5. g3 Nbd7 6. Bg2 Nb6 7. Nge2 Be6 8. b3 c6 9. 0-0 Qd7 10. h3 0-0 11. Kh2 a5 12. Be3 Qc7 13. Qd2 Nfd7 14. f4 exf4 15. Nxf4 Qd8 16. Nce2 Nf6 17. Nd4 Bd7 18. Rf2 c5 19. Nde2 Bc6 20. Nc3 Nbd7 21. Ncd5 Re8 22. d4 Bf8 23. Nxf6+ Nxf6 24. d5 Bd7 25. Qd3 Re5 26. Bd2 b6 27. Bc3 Re8 28. Raf1 Bc8 29. Bxf6 Qxf6 30. Nh5 Qg6 31. Qe2 Ra7 32. Nf4 Qh6 33. g4 f6 34. Nh5 Rf7 35. h4 Ree7 36. g5 fxg5 37. Rxf7 Rxf7 38. Rxf7 Kxf7 39. Qf3+ Kg8 40. Bh3 Bxh3 41. Kxh3 gxh4 42. Kxh4 Be7+ 43. Kh3 g6 44. Qg4 Qxh5+ 45. Qxh5 gxh5 46. Kg2 Kg7 47. Kf3 Kg6 48. Kf4 Bg5+ 49. Kg3 Kf6 50. Kf3 Ke5 51. a3 Bf4 52. a4 h4 53. Kg4 Bg3 54. Kh3 Kf4 55. Kg2 Kxe4 56. Kh3 Kd4 57. Kg4 Kc3 58. Kf5 h3 59. Ke6 h2 60. Kd7 h1Q 61. Kc6 Qh4 62. Kxb6 Qd8+ 63. Kb5 h5 64. b4 axb4 65. a5 b3 66. a6 b2 67. Kc6 0-1

[Event "Medellin op 2nd"]
[Site "Medellin"]
[Date "2019.05.10"]
[Round "4.9"]
[White "Castillo Castellanos, David"]
[Black "Martinez Roa, Alejandro"]
[Result "0-1"]
[WhiteElo "1604"]
[BlackElo "1560"]
[PlyCount "60"]
[EventDate "2019.05.08"]
[EventType "swiss"]
[EventRounds "6"]
[EventCountry "COL"]
[SourceTitle "EXT 2024"]
[Source "ChessBase"]
[SourceDate "2023.10.10"]
[SourceVersion "1"]
[SourceVersionDate "2023.10.10"]
[SourceQuality "1"]

1. e4 e5 2. Nf3 Qe7 3. Nc3 c6 4. d3 g6 5. Be3 Bg7 6. Qd2 Nf6 7. Bh6 0-0 8. Bxg7 Kxg7 9. Qg5 d6 10. 0-0-0 b5 11. h4 a5 12. h5 h6 13. Qg3 b4 14. Na4 Qb7 15. b3 Nbd7 16. Nd2 Nb6 17. hxg6 fxg6 18. Be2 Nxa4 19. bxa4 Be6 20. f4 Bxa2 21. Nb3 Bxb3 22. cxb3 Nd7 23. Bh5 Rf6 24. f5 Nf8 25. Be2 Qa7 26. Rh5 Qc5+ 27. Kb1 Qc3 28. Rhh1 Qxb3+ 29. Ka1 Qxa4+ 30. Kb1 b3 0-1